Parties Losing Elections - Statistics

General Stats
  • This quiz has been taken 29 times
  • The average score is 5 of 15
Answer Stats
Year Country Losing Political Party % Correct
2024 United States Democrat
100%
2022 Italy Democrat
100%
2021 Germany CDU
48%
2024 United Kingdom Conservatives
48%
2021 Canada Conservatives
48%
2024 Portugal PS
26%
2023 Spain PSOE
26%
2022 France RN
22%
2024 Mexico PAN
17%
2019 North Korea None
13%
2024 Japan CDP
9%
2022 Brazil PL
9%
2024 Russia CPRF
4%
2023 Argentina FR
4%
2023 China CPWDP
0%
No matching quizzes found
Score Distribution
Percent of People with Each Score
Percentile by Number Answered
Your Score History
You have not taken this quiz